000 00386nam a22001697a 4500
003 OSt
005 20260407144127.0
008 260407b |||||||| |||| 00| 0 eng d
040 _cBGL
100 _aMisra S.P
245 _aEssential Environmental Studies
250 _a4th
260 _aNew Delhi
_bAne Books
_c2025
300 _a790p
650 _aEnvironment
942 _2ddc
_cREF
999 _c44366
_d44366